History Quiz

Random History or Capital Quiz
Score 0/30 Timer 05:00
0 Plays Today
Taxpayers Town (cities in capitals) % Correct
23,314London
99.7%
7,248York
66.6%
2,357Oxford
56.3%
1,902Cambridge
54.6%
6,345Bristol
51.4%
2,647Newcastle-upon-Tyne
49.4%
1,447Nottingham
46.9%
3,952Norwich
41.8%
2,574Canterbury
38.8%
1,700Plymouth
36.3%
2,101Leicester
34%
1,560Exeter
32.4%
3,569Lincoln
31.7%
1,507Ipswich
31.5%
2,239Gloucester
29.7%
Taxpayers Town (cities in capitals) % Correct
1,440Winchester
29%
4,817Coventry
28.1%
1,557Kingston upon Hull
26.6%
1,557Worcester
25.1%
2,955Colchester
23.6%
3,226Salisbury
22.9%
1,477Northampton
18.8%
1,903Hereford
17.4%
2,083Shrewsbury
15.4%
1,772Ely
15.3%
2,871Boston
12.2%
3,217Lynn
11.6%
2,445Bury St Edmunds
9.5%
1,941Great Yarmouth
8.9%
2,663Beverley
3.7%
Remove Ads.
Support Sporcle.
Get the best of Sporcle when you Go Orange. This ad-free experience offers more features, more stats, and more fun while also helping to support Sporcle. Thank you for becoming a member.

You're not logged in!

Compare scores with friends on all Sporcle quizzes.
OR
Log In

Show Comments

Extras

Top Quizzes Today


Score Distribution

Your Account Isn't Verified!

In order to create a playlist on Sporcle, you need to verify the email address you used during registration. Go to your Sporcle Settings to finish the process.

Report this User

Report this user for behavior that violates our Community Guidelines.

Details: